| 000 | 004280000a22001570004500 | ||
|---|---|---|---|
| 001 | 002636 | ||
| 003 | MACL | ||
| 040 | _aMACL | ||
| 090 |
_c14629 _d14628 |
||
| 100 | _aThillainayagam, Ve | ||
| 245 |
_aS R Ranganathan And Madras Public Libraries Act _bRules, Criticism, Letters and Reforms _cVe Thillainayagam |
||
| 260 |
_aBR Publications, _c1997 |
||
| 350 | _a250 | ||
| 650 | _aLibrary & Information Science | ||
| 942 |
_k20 _cBook |
||
| 999 |
_c14545 _d14545 |
||